World English ( Teacher's book )
This book present suggestions for teaching each of the various elements of world english dialogues, exercises, listening activities, pronunciation section and so on. The experience of many teachers has demonstrated that these methods will be successful for the kinds of material in world english
Guardado en:
| Formato: | Libro |
|---|---|
| Lenguaje: | Undetermined |
| Publicado: |
Orlando, FL
Harcourt, Brace International
1982
|
| Materias: | |
| Etiquetas: |
Agregar Etiqueta
Sin Etiquetas, Sea el primero en etiquetar este registro!
|
| Thư viện lưu trữ: | Trung tâm Học liệu Trường Đại học Cần Thơ |
|---|
| LEADER | 00862nam a2200193Ia 4500 | ||
|---|---|---|---|
| 001 | CTU_125627 | ||
| 008 | 210402s9999 xx 000 0 und d | ||
| 082 | |a 428.007 | ||
| 082 | |b W927t/T5 | ||
| 245 | 0 | |a World English ( Teacher's book ) | |
| 245 | 0 | |c Edited by Peter Javanovich and Christopher Morris | |
| 260 | |a Orlando, FL | ||
| 260 | |b Harcourt, Brace International | ||
| 260 | |c 1982 | ||
| 520 | |a This book present suggestions for teaching each of the various elements of world english dialogues, exercises, listening activities, pronunciation section and so on. The experience of many teachers has demonstrated that these methods will be successful for the kinds of material in world english | ||
| 650 | |a English language | ||
| 650 | |x Study and teaching,Foreign speakers | ||
| 904 | |i Minh | ||
| 980 | |a Trung tâm Học liệu Trường Đại học Cần Thơ | ||